=LDR 00000nam 2200000 4500 =001 INLIS000000000007314 =005 20130612095333 =008 ***********************************Ind** =035 ##$$0010-061300000007314 =041 ##$$a Ind =082 ##$$a 2x3.1 =090 ##$$a 2x3.1, Waz p =100 ##$$a Wazaf, Abdullah =245 ##$$a Pokok-pokok keimanan, Abdullah Al-Wazaf; penerjemah, Drs. Toranama Ahmad Qasim =260 ##$$a 1994 $b Bandung =650 ##$$a Iman Kepada Allah =700 ##$$a Qasim, Torunama Ahmad